000 00548nam a2200205Ia 4500
005 20250508163134.0
008 008 250505s9999 xx 000 0 eng d
037 _aTextual
040 _aFEDL
_beng
_cFEDL
041 _aeng
_2eng
084 _a370.15, ROS
_qFEDL
100 _aRoss James S
245 0 _aGroundwork of educational psychology
250 _a2
260 _aCalcutta, India
_bOxford University Press
_c1972
300 _a276p
365 _aINR
_b10
942 _cTEXL
_h370.15, ROS
999 _c1381085
_d1381085